000 00442nam a2200169 a 4500
001 1777027203683
003 YourLibrary
005 20260424161208.0
008 260424s2008##################000#0#eng##
020 _a9788170121640
082 0 4 _a344.5407SUM
100 1 _aMalik, Sumeet,
_eauthor.
245 1 0 _aSupreme Court Educational Institutions Cases :
260 _c2008.
942 _cENGLISH
040 _aYourLibrary
_beng
_cYourLibrary
999 _c619872
_d619872